| 000 | 00650nam a2200229 i 4500 | ||
|---|---|---|---|
| 001 | bg | ||
| 245 | 0 |
_aZbiór zadań z mechaniki ogólnej : _bpraca zbiorowa. _nT. 2, _pKinematyka i dynamika / _cpod red. J. Leyki i J. Szmeltera. |
|
| 250 | _aWyd. 5. | ||
| 260 |
_aWarszawa, _c1983. |
||
| 650 | 9 | _aMechanika | |
| 650 | 9 | _aKinematyka | |
| 650 | 9 | _aDynamika | |
| 655 | _aĆwiczenia i zadania dla szkół wyższych | ||
| 700 | 1 |
_aLeyko, Jerzy _d(1918-1995). _eRed. |
|
| 700 | 1 |
_aSzmelter, Jan. _eRed. |
|
| 040 | _cBPK | ||
| 041 | _apol | ||
| 080 | _a531.1/.3 | ||
| 080 | _a(075.8+076) | ||
| 942 | _cKS | ||
| 008 | s pl f |000 0 pol | ||
| 999 |
_c3462 _d3462 |
||
| 856 |
_uhttp://koha.tu.koszalin.pl/cgi-bin/koha/opac-detail.pl?biblionumber=3462 _yKatalog online BPK |
||